| 000 | 02054nam a2200313 i 4500 | ||
|---|---|---|---|
| 003 | DO-SdBNP | ||
| 005 | 20231121105659.0 | ||
| 007 | ta | ||
| 008 | 110413s2012 dr 000 j spa d | ||
| 020 | _a9789945475371 | ||
| 040 |
_aDO-SdBNP _bspa _cBNPHU _erda |
||
| 082 |
_bC352 _222 |
||
| 100 |
_aCastillo Roldán, Juan Miguel, _983333 |
||
| 245 | 1 | 0 |
_aPayola : _bderecho e industria musical / _cJuan Miguel Castillo Roldán ; presentación Juan Manuel Guerrero De Jesús ; prólogo Manuel Tejada |
| 264 | 1 |
_aSanto Domingo : _bFerilibro, _c2012. |
|
| 300 |
_a170 páginas _c23 cm. |
||
| 336 |
_2rdacontent _atexto _btxt |
||
| 337 |
_2rdamedia _asin mediación _bn |
||
| 338 |
_2rdacarrier _avolumen _bnc |
||
| 500 | _aIncluye datos biográficos del autor en la solapas. | ||
| 500 | _aIncluye notas a pie de páginas. | ||
| 504 | _aBibliografía p: 147-158 | ||
| 520 | _aEl presente estudio tiene como objeto de investigación y análisis jurídico un fenómeno altamente controversial que ocurre de manera preocupante habitual en la cotidianidad de la industria musical y los medios de radiodifusión sonora: la payola. El autor demuestra que este fenómeno no levita libremente sobre las normas, exento de violaciones o repercusiones jurídicas. La payola es una práctica abiertamente antijurídica, violatoria de derechos individuales y colectivos positivizados en nuestro ordenamiento jurídico y, además, clasificables en tres grupos: derecho cultural, derecho patrimonial de comunicación pública del autor y derecho de las competencias. Payola, Derechos e industria musical es un estudio que destaca por su enjundia y por el rigor científico con que su autor asume la tarea bien lograda y desde perspectivas distintas, de conjurar los mitos y la irresponsabilidad anecdótica y maniquea urdidos tradicionalmente alrededor del tema. | ||
| 590 | _aInventariado, 2023/ YL | ||
| 700 | 1 |
_aGuerrero De Jesús, Juan Manuel _epresentación _984653 |
|
| 700 | 1 |
_aTejada, Manuel _eprólogo _984654 |
|
| 910 | _aYLockward | ||
| 942 |
_2ddc _cLBS1 |
||
| 999 |
_c55537 _d55537 |
||